skbl

Dr Suryya Kumar Bhuyan Library Web-OPAC
ডঃ সূৰ্য্য
কুমাৰ ভূঞা পুথিভঁৰাল ৱেব-অ'পেক

All Research Scholars are advised to clear the annual library fees to continue using Library Resources, Remote Access, Plagiarism Test and Library Clearance.

Cotton University Book Fair 2026

Invertebrate Structure and Function (Record no. 41198)

MARC details
000 -LEADER
fixed length control field 00484nam a2200169Ia 4500
001 - CONTROL NUMBER
control field 41230
008 - FIXED-LENGTH DATA ELEMENTS--GENERAL INFORMATION
fixed length control field 170925s ii g b000 u 465 u
082 ## - DEWEY DECIMAL CLASSIFICATION NUMBER
Classification number 592
100 ## - MAIN ENTRY--PERSONAL NAME
Personal name Barrington, E.J.W.,
Relator term Author.
245 #0 - TITLE STATEMENT
Title Invertebrate Structure and Function
Statement of responsibility, etc. E.J.W.Barrington
Medium Textual Documents
250 ## - EDITION STATEMENT
Edition statement Ist ed - 1967.
260 ## - PUBLICATION, DISTRIBUTION, ETC.
Name of publisher, distributor, etc. The English Language Book Socity
Date of publication, distribution, etc. 2007.
300 ## - PHYSICAL DESCRIPTION
Extent 549p:
Other physical details ill;
Dimensions 24cm.
653 ## - INDEX TERM--UNCONTROLLED
Uncontrolled term Invertebrates
653 ## - INDEX TERM--UNCONTROLLED
Uncontrolled term G - Z00logy
942 ## - ADDED ENTRY ELEMENTS (KOHA)
Source of classification or shelving scheme Dewey Decimal Classification
Koha item type Books
Holdings
Withdrawn status Lost status Damaged status Not for loan Collection Home library Current library Shelving location Date acquired Coded location qualifier Total checkouts Full call number Barcode Date last seen Copy number Price effective from Koha item type
          Dr. Suryya Kumar Bhuyan Library Dr. Suryya Kumar Bhuyan Library   01/02/2012 00000   592 B277In 70170 14/01/2024 1 01/02/2012 Books

Designed and Maintained by Team SKBL
©1901-2026

Powered by Koha